000 01430naa a22003737a 4500
001 BR7805342
003 BR-BrBNA
005 20240918174217.0
007 ta
008 230509b bl.||||| |||| 00| 0 por d
040 _aBR-BrBNA
_bpor
_cBiblioteca Nacional de Agricultura
041 _a(Pt)
072 _aF00; F25
_b0120
_b3820
_bG514
090 _aF00 BR7805342
100 1 _aPons, A.L.
100 1 _aSilva, L.C.M.
100 1 _aGutterres, J.F.
100 1 _aOliveira, O.C.
100 1 _aBrandalise, S.J.
111 1 _a23. Reuniao Tecnica Anual do Milho; 7. Reuniao Tecnica Anual do Sorgo Granifero
_cPorto Alegre, RS (Brazil)
_d1978
245 1 _aComportamento de dois hibridos de milho em diferentes densidades de plantas e doses de nitrogenio - 1977/78 [Zea mays; Rio Grande do Sul; Brasil]
260 3 _aPorto Alegre, RS (Brasil):
_c1978.
500 _aAta da 23. Reuniao Tecnica Anual do Milho e 7. do Sorgo Granifero Porto Alegre, RS (Brasil): 1978. p. 28 (BR7805342-AM)F00
650 _aProducao vegetal
650 _aFertilizante
650 _aDensidade de plantio
650 _aNitrogenio
650 _aMilho hibrido
650 _aComportamento de variedade
650 _aRio Grande do Sul
773 0 _tAta da 23. Reuniao Tecnica Anual do Milho e 7. do Sorgo Granifero
_wF00 BR7805342
_gPorto Alegre, RS (Brasil), 1978. p. 28
909 _a202404
_bLucia
_c55
_dLucia Elande
942 _cAM
_2AGRIS
999 _c309613
_d309613